000 00478nam a2200181Ia 4500
001 20378
005 20260306172801.0
008 260306t2001||||xx |||||||||||||| ||spa||
041 _aESP
082 _a343.2C13
_bC76C
100 _aPerú. Poder Legislativo
_eAUT
245 0 _aConstitución política del Perú (30/12/1993):
_bactualizado y concordado
260 _c2001
300 _a81 páginas :
_c20 cm.
650 _aGEN
654 _aCDE
942 _cLIB
_dJUS
_fJUS
_2ddc
_n
999 _c20378
_d20378